
Library Catalogue

| 000 -LEADER | |
|---|---|
| fixed length control field | 00929cam a2200205 a 4500 |
| 001 - CONTROL NUMBER | |
| control field | 16479989 |
| 005 - DATE AND TIME OF LATEST TRANSACTION | |
| control field | 20260109073734.0 |
| 008 - FIXED-LENGTH DATA ELEMENTS--GENERAL INFORMATION | |
| fixed length control field | 100928s2011 cou b 001 0 eng |
| 010 ## - LIBRARY OF CONGRESS CONTROL NUMBER | |
| LC control number | 2010040980 |
| 020 ## - INTERNATIONAL STANDARD BOOK NUMBER | |
| International Standard Book Number | 9780813344928 |
| Qualifying information | pbk. : alk. paper |
| 020 ## - INTERNATIONAL STANDARD BOOK NUMBER | |
| International Standard Book Number | 0813344921 |
| Qualifying information | pbk. : alk. paper |
| 082 ## - DEWEY DECIMAL CLASSIFICATION NUMBER | |
| Classification number | 323.01 BOE |
| 100 1# - MAIN ENTRY--PERSONAL NAME | |
| Personal name | Boersema, David. |
| 245 10 - TITLE STATEMENT | |
| Title | Philosophy of human rights : |
| Remainder of title | theory and practice / |
| Statement of responsibility, etc. | David Boersema. |
| 260 ## - PUBLICATION, DISTRIBUTION, ETC. | |
| Place of publication, distribution, etc. | London : |
| Name of publisher, distributor, etc. | Westview Press, |
| Date of publication, distribution, etc. | 2011. |
| 300 ## - PHYSICAL DESCRIPTION | |
| Extent | xi, 444 p. ; |
| Dimensions | 23 cm. |
| 505 0# - FORMATTED CONTENTS NOTE | |
| Formatted contents note | The nature of rights -- The justification of rights -- The content and scope of rights -- Rights holders -- Criticisms of rights -- Rights and political discourse -- Global rights discourse -- Right to free expression -- Employment rights -- Right to privacy -- Intellectual property rights -- Victims' rights -- Children's rights. |
| 650 #0 - SUBJECT ADDED ENTRY--TOPICAL TERM | |
| Topical term or geographic name entry element | Human rights |
| General subdivision | Philosophy. |
| 942 ## - ADDED ENTRY ELEMENTS (KOHA) | |
| Source of classification or shelving scheme | Dewey Decimal Classification |
| Koha item type | BOOKs |
| Withdrawn status | Lost status | Source of classification or shelving scheme | Damaged status | Not for loan | Home library | Current library | Shelving location | Date acquired | Total Checkouts | Full call number | Barcode | Date last seen | Date last checked out | Price effective from | Koha item type |
|---|---|---|---|---|---|---|---|---|---|---|---|---|---|---|---|
| Dewey Decimal Classification | . | . | General Stacks | 05.11.2018 | 2 | 323.01 BOE | 35156 | 02.08.2025 | 30.07.2025 | 05.11.2018 | BOOKs |